| 000 | 01757cam a2200277zu 4500 | ||
|---|---|---|---|
| 001 | 88807770 | ||
| 003 | FRCYB88807770 | ||
| 005 | 20251020124055.0 | ||
| 006 | m o d | ||
| 007 | cr un | ||
| 008 | 251020s2011 fr | o|||||0|0|||fre d | ||
| 020 | _a9782247085637 | ||
| 035 | _aFRCYB88807770 | ||
| 040 |
_aFR-PaCSA _bfr _c _erda |
||
| 100 | 1 | _aVerpeaux, Michel | |
| 245 | 0 | 1 |
_aLes collectivités territoriales en France _c['Verpeaux, Michel'] |
| 264 | 1 |
_bDalloz _c2011 |
|
| 300 | _a p. | ||
| 336 |
_btxt _2rdacontent |
||
| 337 |
_bc _2rdamdedia |
||
| 338 |
_bc _2rdacarrier |
||
| 650 | 0 | _a | |
| 700 | 0 | _aVerpeaux, Michel | |
| 856 | 4 | 0 |
_2Cyberlibris _uhttps://international.scholarvox.com/netsen/book/88807770 _qtext/html _a |
| 520 | _aLes collectivités territoriales en France ont une longue histoire mais leur place au sein de l'État a été profondément et durablement renforcée à partir de 1982 du fait des « lois de décentralisation ». Elles ont acquis une légitimité plus grande, des compétences plus étendues et des moyens d'action plus adaptés. Une nouvelle étape a été franchie avec la loi de réforme des collectivités territoriales du 16 décembre 2010. Elle devrait être encore suivie d'autres textes. Le présent ouvrage prend acte de ces évolutions dont certaines sont en cours. Il s'adresse à tous ceux qui s'intéressent à la vie locale, qu'ils soient élus, fonctionnaires ou étudiants. Michel Verpeaux est professeur de droit public à l'Université Panthéon-Sorbonne (Paris I). Il intervient depuis de nombreuses années au Centre national de la fonction publique territoriale et a rédigé, dans la même collection, un ouvrage sur La région et un autre sur La Constitution | ||
| 999 |
_c1556305 _d1556305 |
||